A População Africana no Ensino de Geografia

El presente trabajo es una introducción de la discusión del tema de la población africana en la enseñanza de la geografía. Pasamos por las discusiones teórico-metodológicas al respecto de la inserción de ese continente en las ciencias humanas hasta la presencia en algunos debates como (des)colonizac...

Descripción completa

Detalles Bibliográficos
Autor principal: Ferracini, Rosemberg
Formato: Analitica de revista
Lenguaje:portugués
Publicado: Santiago, Chile: Universidad Academia de Humanismo Cristiano, 2012.
Materias:
Acceso en línea:Disponible en línea (PDF). Biblioteca Digital UAHC

MARC

LEADER 00000cab a2200000 a 4500
001 036059
003 UAHC_CL
005 20210909175957.0
008 140729e2012 cl 000 por
952 |0 0  |1 0  |4 0  |6 PAULO_FREIRE12_12_000000000000000  |7 0  |8 COMP  |9 68675  |a BC  |b BC  |c Hemeroteca  |d 2017-08-03  |l 0  |o PAULO FREIRE-12/12  |r 2018-01-23 00:00:00  |w 2017-08-03  |y REVA 
999 |c 36059  |d 36059 
040 |a UAHC_CL  |c UAHC_CL  |d UAHC_CL 
100 |a Ferracini, Rosemberg  |9 6313 
245 1 2 |a A População Africana no Ensino de Geografia  |c Rosemberg Ferracini. 
260 |a Santiago, Chile:  |b Universidad Academia de Humanismo Cristiano,  |c 2012. 
300 |a p. 73-82 
362 0 |a Año 11, no. 12 (dic. 2012)- 
500 |a En: Paulo Freire, revista de pedagogía crítica, No 12, 2012. pp. 73-82. ISSN 07179065. 
520 |a El presente trabajo es una introducción de la discusión del tema de la población africana en la enseñanza de la geografía. Pasamos por las discusiones teórico-metodológicas al respecto de la inserción de ese continente en las ciencias humanas hasta la presencia en algunos debates como (des)colonización. 
650 0 |a Geografía  |x Enseñanza  |9 1166 
650 0 |a Descolonización  |9 736 
773 0 |t Paulo Freire : revista de pedagogía crítica  |w 035937 
856 |u http://bibliotecadigital.academia.cl/xmlui/handle/123456789/3079  |y Disponible en línea (PDF). Biblioteca Digital UAHC 
900 |a PAULO FREIRE-12/12 
942 |c REVA